000 01068cam a2200241 i 4500
005 20251108172321.0
008 250721s2003 jo gr 000 0 ara d
020 _a9957021281
082 1 4 _a071.56
_bي ع ق
100 1 _aيعقوب، عبد الحليم موسى
_eمعد.
245 1 0 _aحرية التعبير الصحفي في ظل الأنظمة السياسية العربية :
_bدراسة تحليلية مقارنة للصحف والقوانين السودانية والأردنية في الفترة من 1989م - 1999م /
_cإعداد الدكتور عبد الحليم موسى يعقوب.
250 _aالطبعة الأولى.
264 1 _aعمان :
_bدار مجدلاوي للنشر والتوزيع،
_c2003.
300 _a376 صفحة.
650 1 7 _aالصحافة.
650 1 7 _aحرية الصحافة.
650 1 7 _aقانون الصحافة.
650 1 7 _aحرية الإعلام.
650 1 7 _aحرية التعبير.
650 1 7 _aحرية الرأي.
942 _2ddc
_cBK
999 _c76014
_d76014